7-Letter Blitz Quiz Stats

Quiz Updated Mar 12, 2016

Also try: 4-Letter Blitz
Challenge
Share
Tweet
Embed
Score 0/44 Timer 07:00
3 Plays Today
Category 7-Letter Answer % Correct
PlanetsJupiter, Neptune, Mercury
87.8%
US StatesGeorgia, Florida, Arizona...
85.5%
Santa's ReindeerPrancer, Blitzen, Rudolph
84.5%
US PresidentsClinton, Lincoln, Jackson...
80.1%
Written-Out NumbersFifteen, Seventy, Billion...
76.9%
US CapitalsPhoenix, Atlanta, Concord...
70%
MLB TeamsYankees, Rangers, Pirates...
65.8%
BirthstonesDiamond, Emerald, Peridot...
65.7%
African CountriesAlgeria, Somalia, Nigeria...
64.6%
NFL TeamsPackers, Cowboys, Broncos...
63.8%
ElementsSilicon, Calcium, Bromine...
61.2%
Old Testament BooksGenesis, Numbers, Ezekiel...
61.1%
Canadian ProvincesOntario, Alberta
60.9%
NBA TeamsCeltics, Nuggets, Hornets...
56.4%
Orchestra InstrumentsTrumpet, Piccolo, Bassoon...
56%
Former Soviet RepublicsArmenia, Ukraine, Moldova...
55.7%
Greek AlphabetOmicron, Epsilon, Upsilon
55.1%
Canadian CapitalsToronto, Halifax, St. John's
52.6%
Toyota ModelsCorolla, Sequoia, Comfort...
47.3%
New Testament BooksMatthew, Timothy, Hebrews
46%
English MonarchsRichard, William, Stephen...
44.6%
NHL TeamsRangers, Canucks, Coyotes
42.6%
Category 7-Letter Answer % Correct
Premier League TeamsArsenal, Everton, Chelsea...
41.3%
NATO Phonetic AlphabetCharlie, Whiskey, Foxtrot...
40.3%
Electric-type PokémonPikachu, Voltorb, Jolteon...
40.2%
Beatles SongsHey Jude, Let It Be, If I Fell...
39.2%
Human Bones (Latin)Sternum, Scapula, Humerus...
37.6%
Oscar Best PicturesTitanic, Amadeus, Rebecca...
35%
Characters in HamletOphelia, Horatio, Laertes
32.7%
Outstanding Emmy ComediesFriends, Frasier
30.8%
African CapitalsNairobi, Algiers, Tripoli...
28.6%
V8 VegetablesSpinach, Lettuce, Parsley
23.1%
Tony Best MusicalsCabaret, Avenue Q, Company...
22%
Winter Olympic Host CitiesSapporo, Calgary
21.9%
British Prime MinistersCameron, Baldwin, Walpole...
21.2%
12 Olympian GoddessesDemeter, Artemis
20.8%
Original 64 CrayolaMagenta, Apricot, Sky Blue...
20.3%
Pope NamesClement, Gregory, Francis...
19.6%
AKC Dog BreedsBulldog, Pointer, Mastiff...
18.3%
English CountiesNorfolk, Suffolk, Cumbria...
15.1%
Harry Potter IncantationsImperio, Stupefy, Reducto...
13.5%
Euro-Replaced CurrenciesGuilder, Drachma
13.4%
Literature NobelistsBeckett, Kipling, Lessing...
10.4%
ConstellationsPegasus, Perseus, Serpens...
10.3%

You're not logged in!

Compare scores with friends on all Sporcle quizzes.
Join for Free
OR
Log In

You Might Also Like...

Show Comments

Extras

Top Quizzes Today


Score Distribution

Your Account Isn't Verified!

In order to create a playlist on Sporcle, you need to verify the email address you used during registration. Go to your Sporcle Settings to finish the process.

Report this User

Report this user for behavior that violates our Community Guidelines.

Details: